Catálogo
 En Linea

De regia potestate, o, Derecho de autodeterminación / (Registro nro. 40771)

Detalles MARC
000 -CABECERA
campo de control de longitud fija 01096nam a2200265 a 4500
001 - NÚMERO DE CONTROL
campo de control 000041281
005 - FECHA Y HORA DE LA ÚLTIMA TRANSACCIÓN
campo de control 20201002034743.0
008 - DATOS DE LONGITUD FIJA--INFORMACIÓN GENERAL
campo de control de longitud fija 130927s1984 sp 001 0 spa d
020 ## - NÚMERO INTERNACIONAL ESTÁNDAR DEL LIBRO
Número Internacional Estándar del Libro 840019784
040 ## - FUENTE DE LA CATALOGACIÓN
Centro catalogador/agencia de origen DO-SdBNP
Lengua de catalogación spa
Centro/agencia transcriptor BNPHU
100 1# - ENTRADA PRINCIPAL--NOMBRE DE PERSONA
Nombre de persona Casas, Bartolomé de las,
Fechas asociadas al nombre 1474-1566
9 (RLIN) 19931
245 10 - MENCIÓN DE TÍTULO
Título De regia potestate, o, Derecho de autodeterminación /
Mención de responsabilidad, etc. Bartolomé de las Cásas; edición crítica bilingüe Luciano Pereña ... [et al.].
260 ## - PUBLICACIÓN, DISTRIBUCIÓN, ETC.
Lugar de publicación, distribución, etc. Madrid :
Nombre del editor, distribuidor, etc. Consejo Superior de Investigaciones Científicas,
Fecha de publicación, distribución, etc. 1984.
300 ## - DESCRIPCIÓN FÍSICA
Extensión v. ;
Dimensiones 22 cm.
490 1# - MENCIÓN DE SERIE
Mención de serie Corpus hispanotum de pace
Designación de volumen o secuencia 8
500 ## - NOTA GENERAL
Nota general La biblioteca posee el v. 8
500 ## - NOTA GENERAL
Nota general Reimpresión 1984, corregida y aumentada
504 ## - NOTA DE BIBLIOGRAFÍA, ETC.
Nota de bibliografía, etc. Incluye referencia bibliográficas y notas al pie de las páginas
505 0# - NOTA DE CONTENIDO CON FORMATO
Información miscelánea v. 8
Título O derecho de autodeterminación
504 ## - NOTA DE BIBLIOGRAFÍA, ETC.
Nota de bibliografía, etc. Bibliografía : p. 381-355
700 1# - PUNTO DE ACCESO ADICIONAL--NOMBRE DE PERSONA
Nombre de persona Pereña, Luciano,
Fechas asociadas al nombre 1920-
9 (RLIN) 33600
700 1# - PUNTO DE ACCESO ADICIONAL--NOMBRE DE PERSONA
Nombre de persona Pereña, Luciano
Fechas asociadas al nombre 1920- .
9 (RLIN) 33600
710 2# - PUNTO DE ACCESO ADICIONAL--NOMBRE DE ENTIDAD CORPORATIVA
Nombre de entidad corporativa o nombre de jurisdicción como elemento de entrada Consejo Superior de Investigaciones Científicas,
9 (RLIN) 4786
830 #0 - PUNTO DE ACCESO ADICIONAL DE SERIE-TÍTULO UNIFORME
Título uniforme Corpus hispanotum de pace
Número de parte o sección de la obra 8
9 (RLIN) 67895
Existencias
Estado de retiro Estado de pérdida Restricciones de uso No para préstamo Código de colección Localización permanente Ubicación/localización actual Ubicación en estantería Fecha de adquisición Número de inventario Total de préstamos Signatura topográfica completa Código de barras Fecha visto por última vez Precio válido a partir de Tipo de ítem Koha
      Excluido de préstamo Monografías: Libros y Folletos General General En catalogación 27.09.2013 LF1   v. 8 41281-10 25.06.2020 25.06.2020 No se presta

Con tecnología Koha